000 00432nam a22001817a 4500
003 OSt
005 20251003133612.0
008 251003b |||||||| |||| 00| 0 eng d
020 _a9789349597037
082 _a8H3
_bSHAB
100 _aSharma, Anurodh
245 _aBetarteeb Khayalat Part- 1
260 _aPrayagraj
_bRudraditya Prakashan
300 _a174p.
546 _aHindi
651 _aHindi Fiction
942 _2ddc
_cBK
999 _c3864
_d3864